risk by gracie abrams lyrics - Statistics

General Stats
  • This quiz has been taken 164 times
  • The average score is 383 of 445
Answer Stats
Answer % Correct
a
98%
I
98%
(I
98%
"I
98%
it,
97%
it
97%
you
97%
You
97%
you"
97%
I'm
96%
risk
96%
risk,
96%
but
95%
But
95%
do
95%
me
95%
me,
95%
No,
95%
take
94%
gonna
93%
to
93%
be
92%
now
92%
out
92%
out,
92%
the
92%
your
92%
at
91%
didn't
91%
down
91%
in
91%
In
91%
Know
91%
Look
91%
Said
91%
and
90%
And
90%
wouldn't
90%
you're
90%
You're
90%
die
89%
work
89%
house,
88%
invested
88%
could
87%
deep
87%
not
87%
this
87%
actually
86%
classic
86%
drowning,
86%
end
86%
girl,
86%
God,
86%
Haven't
86%
haven't
86%
here,
86%
here
86%
is
86%
With
86%
wrong
86%
wrong?
86%
even
85%
fun
85%
Heard
85%
It's
85%
it's
85%
love
85%
met
85%
my
85%
of
85%
on,
85%
thing,
85%
had
84%
jumpin'
84%
more
84%
move
84%
swim
84%
him
83%
middle
83%
night
83%
(Night)
83%
wake
83%
when
83%
feel
82%
up
82%
up)
82%
Watch
82%
'Cause
81%
soon
81%
Too
81%
hunted
80%
light
80%
right
80%
tell
80%
bought
79%
don't
79%
like
79%
that
79%
can
78%
just
77%
break
76%
favorite
75%
mistake
75%
think
75%
Think
75%
wish
75%
Wish
75%
you'll
75%
hold
74%
bedroom?
73%
Guess
73%
I'll
73%
'til
73%
bad,
72%
find
72%
kidding
72%
kidding,
72%
wanna
72%
yet
72%
bend
71%
mouth
71%
probably
71%
stare
71%
talk,
71%
Hopelessly
70%
without
70%
yeah,
70%
aren't
69%
by
69%
scared
69%
was
69%
Why
69%
proud
68%
shootin'
68%
want
68%
thinkin'
67%
been
65%
head,
65%
touched
65%
hate
64%
Isn't
64%
car,
63%
someone
63%
Knowing
62%
really
62%
damn
61%
Oh
61%
oh,
61%
oh
61%
sweet,
61%
sweet
61%
well
61%
can't
60%
boring
59%
speak
58%
comin'
56%
door,
55%
Holding
55%
shakin'
55%
breath
54%
get
54%
woah
14%
No matching quizzes found
Score Distribution
Percent of People with Each Score
Percentile by Number Answered
Your Score History
You have not taken this quiz